000 00619nam a2200229Ia 4500
008 200601s9999 xx 000 0 und d
020 _a978-621-406-205-8
050 _aFIL BJ 1012
050 _b.A33 2019
100 _aAgdalpen, Renato T.
245 0 _aEthics :
245 0 _b"ako at ang kagandahang asal bilang isang Filipino" /
245 0 _cRenato T. Agdalpen, Joether Francisco.
260 _aManila :
260 _bMindshapers,
260 _c2019
300 _a179 pages :
300 _billustrations ;
300 _c25 cm.
500 _aIncludes bibliographical references.
650 _aEthics.
999 _c363169
_d363169